Statistics for 'G' orgeous Animals🎸

Click here to take the quiz!

General Stats

  • This quiz has been taken 45 times
  • The average score is 8 of 15

Answer Stats

Answer% Correct
Gorilla
92%
Giraffe
86%
Goat
78%
Goldfish
78%
Great White Shark
75%
Grizzly Bear
69%
Guinea Pig
69%
Gila Monster
47%
Groundhog
47%
Gibbon
42%
Goldfinch
39%
Golden Eagle
28%
Great Blue Heron
14%
Gemsbok
6%
Grant's Gazelle
6%

Score Distribution

Percentile by Number Answered

Percent of People with Each Score

Your Score History

You have not taken this quiz